Fifty Key Medieval Thinkers /

Diccionario biográfico compuesto por 50 entradas que corresponden a filósofos, teólogos e intelectuales de la Edad Media. Su inclusión en este volumen es por su aportación al pensamiento medieval y trata sus conceptos religiosos, filosóficos y políticos. Cada una de las entradas recoge los datos bio...

Descripción completa

Guardado en:
Detalles Bibliográficos
Autor principal: Evans, G.R (autor)
Formato: Libro
Idioma:Inglés
Publicado: Londres, Inglaterra : Routledge, 2002, c2002
Colección:(Routledge Key Concepts)
Temas:
Etiquetas: Agrega una etiqueta
Sin etiquetas, Sé el primero en etiquetar este registro!

MARC

LEADER 00000nam^a2200000^a^4500
001 000170777
005 20250521000000.0
009 20260310101321.094
020 |a 0-415-23663-0 
037 |a Acervo ITESO - Biblioteca 
041 |a ING 
082 |a 189.  |b EVA 
100 |a Evans, G.R.  |e (autor) 
245 1 0 |a Fifty Key Medieval Thinkers /  |c G.R. Evans. 
264 4 |a Londres, Inglaterra :  |b Routledge,  |c 2002, c2002 
300 |a XXXIV, 183 p. 
336 |a texto  |b txt  |2 rdacontenido 
337 |a sin mediación  |b n  |2 rdamedio 
338 |a volumen  |b nc  |2 rdasoporte 
440 1 |a (Routledge Key Concepts) 
520 |a Diccionario biográfico compuesto por 50 entradas que corresponden a filósofos, teólogos e intelectuales de la Edad Media. Su inclusión en este volumen es por su aportación al pensamiento medieval y trata sus conceptos religiosos, filosóficos y políticos. Cada una de las entradas recoge los datos biográficos, sus trabajos y un sumario de sus teorías. 
649 |a XX 
650 |a Filósofos -  |x Biografías 
650 |a Teólogos -  |x Biografías 
650 |a Filósofos -  |x Enciclopedias y Diccionarios 
650 |a Teólogos -  |x Enciclopedias y Diccionarios 
650 |a Filosofía Medieval -  |x Historia y Crítica 
650 |a Filosofía Medieval -  |x Enciclopedias y Diccionarios 
650 |a Enciclopedias y Diccionarios 
910 |a Fondo General 
920 |a Impresos - Libros 
930 |a Colección General 
905 |a 101 
901 |a 0500108007  |b IT1  |c ACC  |u 20250521 
902 |a https://opac.biblio.iteso.mx/vufind/Record/000170777